Bernardo de Gálvez (Record no. 188143)

MARC details
000 -LEADER
campo de control de longitud fija 01179nam a2200289 i 4500
001 - NÚMERO DE CONTROL
campo de control 188143
003 - IDENTIFICADOR DE NÚMERO DE CONTROL
campo de control SpMaBN
005 - FECHA Y HORA DE LA ÚLTIMA TRANSACCIÓN
campo de control 20251003063203.0
008 - DATOS DE LONGITUD FIJA--INFORMACIÓN GENERAL
campo de control de longitud fija 180528s2015 sp abef |||| |dspa d
020 ## - NÚMERO INTERNACIONAL ESTÁNDAR DEL LIBRO
Número Internacional Estándar del Libro 978-84-414-3575-9
080 ## - NÚMERO DE LA CLASIFICACIÓN DECIMAL UNIVERSAL
Número de la Clasificación Decimal Universal 929 Gálvez, Bernardo de, Conde de
080 ## - NÚMERO DE LA CLASIFICACIÓN DECIMAL UNIVERSAL
Número de la Clasificación Decimal Universal 94(73)"1775/83"
100 1# - ENTRADA PRINCIPAL--NOMBRE DE PERSONA
Nombre de persona Rey Vicente, Miguel del,
Fechas asociadas al nombre 1962-
9 (RLIN) 164802
245 10 - MENCIÓN DEL TÍTULO
Título Bernardo de Gálvez
Resto del título : de la guerra en la Apachería a la épica intervención en la independencia de los Estados Unidos /
Mención de responsabilidad, etc. Miguel del Rey Vicente, Carlos Canales Torres.
250 ## - MENCION DE EDICION
Mención de edición 1ª ed.
260 ## - PUBLICACIÓN, DISTRIBUCIÓN, ETC.
Lugar de publicación, distribución, etc. Madrid :
Nombre del editor, distribuidor, etc. Edaf,
Fecha de publicación, distribución, etc. 2015.
300 ## - DESCRIPCIÓN FÍSICA
Extensión 318 p., [4] p. pleg. de lám. col. :
Otras características físicas il. col., mapas, planos ;
Dimensiones 24 cm.
490 1# - MENCIÓN DE SERIE
Mención de serie Clío crónicas de la historia
504 ## - NOTA DE BIBLIOGRAFÍA, ETC.
Nota de bibliografía, etc. Bibliografía: p. [315]-318.
600 17 - PUNTO DE ACCESO ADICIONAL DE MATERIA--NOMBRE DE PERSONA
Nombre de persona Gálvez, Bernardo de,
Títulos y otros términos asociados al nombre Conde de,
Fechas asociadas al nombre 1746-1786
Fuente del encabezamiento o término
9 (RLIN) 164803
651 #7 - PUNTO DE ACCESO ADICIONAL DE MATERIA--NOMBRE GEOGRÁFICO
Nombre geográfico Estados Unidos-
Subdivisión general Historia-
Subdivisión cronológica 1775-1783, Revolución.
9 (RLIN) 8542
700 1# - ENTRADA AGREGADA--NOMBRE PERSONAL
Nombre de persona Canales Torres, Carlos.
9 (RLIN) 151605
830 0# - PUNTO DE ACCESO ADICIONAL DE SERIE-TÍTULO UNIFORME
Título uniforme Clío crónicas de la historia
9 (RLIN) 179748
852 ## - LOCALIZACIÓN
Ubicación ES-MaACL
Número de control de estantería A-14172
itemnumber 195262
Sublocalización o colección R.151504
Ubicación en estantería Depósito 1
Signatura antigua Olim: N-7172
942 ## - ELEMENTOS DE ENTRADA SECUNDARIOS (KOHA)
Fuente del sistema de clasificación o colocación Clasificación decimal universal
Tipo de ítem Koha Libro impreso
Holdings
Estatus retirado Estado de pérdida Fuente del sistema de clasificación o colocación Estado de daño No para préstamo Biblioteca de origen Biblioteca actual Ubicación en estantería Fecha de adquisición Fuente de adquisición Total de préstamos Signatura topográfica completa Código de barras Visto por última vez Precio de reemplazo Tipo de ítem Koha
    Clasificación decimal universal     Biblioteca del Ateneo de Madrid Biblioteca del Ateneo de Madrid Depósito 1 28/05/2018 Donación   A-14172 1198870 23/02/2023 23/02/2023 Libro impreso